[Event "FRA-chT2 West 0809"]
[Site "France"]
[Date "2008.11.23"]
[Round "3.8"]
[White "Mourgues, Joelle"]
[Black "Roumegous, Etienne"]
[Result "0-1"]
[WhiteElo "1794"]
[BlackElo "2124"]
[PlyCount "138"]
[EventDate "2008.10.19"]
[EventType "team-tourn"]
[EventRounds "11"]
[EventCountry "FRA"]
[SourceTitle "EXT 2010"]
[Source "ChessBase"]
[SourceDate "2010.11.25"]
[SourceVersion "1"]
[SourceVersionDate "2010.11.25"]
[SourceQuality "1"]
[WhiteTeam "Saint Quentin"]
[BlackTeam "Evry Grand Roque II"]
[WhiteTeamCountry "FRA"]
[BlackTeamCountry "FRA"]

1. Nf3 d5 2. g3 c5 3. Bg2 Nc6 4. d3 e5 5. 0-0 f6 6. Nbd2 Be6 7. c3 Qd7 8. a4 Nge7 9. e4 d4 10. Nb3 Ng6 11. cxd4 cxd4 12. Re1 0-0-0 13. Bd2 Kb8 14. a5 Bd6 15. Rc1 Nge7 16. Nc5 Bxc5 17. Rxc5 g5 18. Qa4 Ng6 19. Rec1 Rc8 20. a6 Nce7 21. Qxd7 Bxd7 22. axb7 Rxc5 23. Rxc5 Kxb7 24. Bb4 Rc8 25. Rxc8 Nxc8 26. Nd2 Kb6 27. Nc4+ Kb5 28. Ba3 Nb6 29. Nd6+ Kc6 30. Bf3 Na4 31. Nf5 Nc5 32. Be2 Bxf5 33. exf5 Ne7 34. g4 Kb5 35. Kf1 Nd5 36. Ke1 Nb4 37. Kd2 Nb3+ 38. Kd1 Ka4 39. Bf1 Na1 40. Bxb4 Kxb4 41. Bg2 Nb3 42. Bd5 Nc5 43. Kc2 Na4 44. h3 h6 45. Bg8 Nc5 46. f3 a5 47. Bd5 a4 48. Be6 a3 49. bxa3+ Kxa3 50. Bd5 Na6 51. Bc4 Nb4+ 52. Kb1 Nc6 53. Kc2 Na7 54. Ba6 Nc6 55. Bc4 Ne7 56. Be6 Nc6 57. Bc4 Nb8 58. Bb5 Kb4 59. Bc4 Nd7 60. Bf7 Ka3 61. Bd5 Nb6 62. Bc6 Na4 63. Bb5 Nc3 64. Bc6 Ne2 65. Bd5 Nf4 66. Bc6 Nxh3 67. Bd5 Nf4 68. Bf7 Ng2 69. Bd5 Ne3+ 0-1

[Event "FRA-chT1A 0607"]
[Site "France"]
[Date "2007.02.10"]
[Round "7.5"]
[White "Roumegous, Etienne"]
[Black "Clery, Nicolas"]
[Result "0-1"]
[WhiteElo "2130"]
[BlackElo "2349"]
[PlyCount "42"]
[EventDate "2006.10.15"]
[EventType "team-tourn"]
[EventRounds "11"]
[EventCountry "FRA"]
[SourceTitle "EXT 2008"]
[Source "ChessBase"]
[SourceDate "2007.11.25"]
[SourceVersion "1"]
[SourceVersionDate "2007.11.25"]
[SourceQuality "1"]
[WhiteTeam "Evry Grand Roque II"]
[BlackTeam "Noyon"]
[WhiteTeamCountry "FRA"]
[BlackTeamCountry "FRA"]

1. d4 Nf6 2. c4 d6 3. f3 g6 4. e4 Bg7 5. Be3 0-0 6. Ne2 a6 7. g4 c5 8. dxc5 dxc5 9. Qxd8 Rxd8 10. Nec3 Nc6 11. Bxc5 Nd7 12. Be3 Nb4 13. Na3 Ne5 14. Ke2 Be6 15. Nd5 Bxd5 16. cxd5 Ned3 17. Nc4 Rac8 18. Nd2 Nxb2 19. a3 Na4 20. Bg2 Bxa1 21. Rxa1 Nc2 0-1

[Event "FRA-chT2W 0203"]
[Site "France"]
[Date "2003.01.18"]
[Round "5"]
[White "Roumegous, Etienne"]
[Black "Bodenez, Vincent"]
[Result "1-0"]
[WhiteElo "2113"]
[BlackElo "2103"]
[PlyCount "131"]
[EventDate "2002.10.??"]
[EventType "team"]
[EventRounds "11"]
[EventCountry "FRA"]
[SourceTitle "EXT 2004"]
[Source "ChessBase"]
[SourceDate "2003.11.25"]
[SourceVersion "1"]
[SourceVersionDate "2003.11.25"]
[SourceQuality "1"]
[WhiteTeam "Evry II"]
[BlackTeam "Rennes"]
[WhiteTeamCountry "FRA"]
[BlackTeamCountry "FRA"]

1. d4 d5 2. c4 e6 3. Nc3 Nf6 4. Bg5 c6 5. e3 Nbd7 6. cxd5 exd5 7. Bd3 Be7 8. Nf3 Nf8 9. Qc2 Ne6 10. Bh4 g6 11. 0-0 0-0 12. Rab1 Ng7 13. b4 a6 14. a4 Bf5 15. b5 axb5 16. axb5 Bxd3 17. Qxd3 Nf5 18. Bxf6 Bxf6 19. bxc6 bxc6 20. Rfc1 Qd7 21. Qc2 Ne7 22. Na4 Qc7 23. Nc5 Rfb8 24. Ne1 Kg7 25. Ned3 Rxb1 26. Qxb1 Rb8 27. Nb4 Qa5 28. Ncd3 Qa4 29. Rc2 c5 30. Ra2 Qb5 31. Rb2 cxb4 32. Rxb4 Qxd3 33. Rxb8 Qxb1+ 34. Rxb1 h5 35. f3 g5 36. Kf2 Kg6 37. Rb6 Kg7 38. Rd6 Kg6 39. e4 Nc8 40. Rc6 dxe4 41. fxe4 Na7 42. Ra6 Nb5 43. e5 Nxd4 44. Rxf6+ Kg7 45. Rb6 Ne6 46. Kf3 g4+ 47. Ke4 Kg6 48. g3 Kg5 49. Rb8 Kg6 50. Rb6 Kg5 51. Rc6 h4 52. Kd5 hxg3 53. hxg3 Kf5 54. Rxe6 fxe6+ 55. Kd6 Ke4 56. Kxe6 Kf3 57. Kd5 Kxg3 58. e6 Kf2 59. e7 g3 60. e8Q g2 61. Qf7+ Ke2 62. Qh5+ Kf2 63. Qf5+ Ke2 64. Qg4+ Kf2 65. Qf4+ Ke2 66. Qg3 1-0

[Event "FRA-chT 9900"]
[Site "France"]
[Date "2000.02.05"]
[Round "2.7"]
[White "Roumegous, Etienne"]
[Black "Hebden, Mark"]
[Result "0-1"]
[WhiteElo "2122"]
[BlackElo "2493"]
[PlyCount "84"]
[EventDate "1999.02.04"]
[EventType "team"]
[EventRounds "11"]
[EventCountry "FRA"]
[SourceTitle "EXT 2001"]
[Source "ChessBase"]
[SourceDate "2000.11.22"]
[SourceVersion "1"]
[SourceVersionDate "2000.11.22"]
[SourceQuality "1"]

1. d4 Nf6 2. c4 g6 3. f3 Bg7 4. e4 d6 5. Be3 0-0 6. Ne2 a5 7. Qd2 a4 8. Nec3 Nc6 9. Na3 e5 10. Nab5 exd4 11. Nxd4 Re8 12. Be2 Nh5 13. 0-0 Nf4 14. Bxf4 Nxd4 15. Bd3 c6 16. Rad1 Be6 17. Be3 Qa5 18. Ne2 Nxe2+ 19. Bxe2 f5 20. Qxa5 Rxa5 21. Bb6 Raa8 22. exf5 Bxf5 23. Bd3 Be6 24. b3 c5 25. Be4 axb3 26. axb3 Bd4+ 27. Rxd4 cxd4 28. Rd1 Ra3 29. Rxd4 Rxb3 30. Bc7 Rc8 31. Bxd6 Rxc4 32. Rd2 Rb5 33. Kf2 Ra4 34. Kg3 Ra2 35. Rd4 Kf7 36. f4 Rb3+ 37. Bf3 Ra5 38. Kh4 h6 39. Bc7 Rc5 40. Bd6 Rcc3 41. Be5 Rxf3 42. gxf3 Rxf3 0-1

[Event "Paris-ch op"]
[Site "Paris"]
[Date "1999.07.17"]
[Round "1"]
[White "Roumegous, Etienne"]
[Black "Verat, Laurent"]
[Result "0-1"]
[WhiteElo "2119"]
[BlackElo "2321"]
[PlyCount "48"]
[EventDate "1999.07.17"]
[EventType "swiss"]
[EventRounds "9"]
[EventCountry "FRA"]
[SourceTitle "EXT 2000"]
[Source "ChessBase"]
[SourceDate "1999.11.16"]
[SourceVersion "1"]
[SourceVersionDate "1999.11.16"]
[SourceQuality "1"]

1. d4 Nf6 2. c4 e6 3. Nc3 Bb4 4. Qc2 c5 5. dxc5 Na6 6. a3 Bxc3+ 7. Qxc3 Nxc5 8. b4 Nce4 9. Qd4 d5 10. c5 b6 11. f3 bxc5 12. bxc5 Qa5+ 13. Qb4 Qc7 14. fxe4 Rb8 15. Qa4+ Bd7 16. c6 Qe5 17. cxd7+ Ke7 18. Ra2 Qc3+ 19. Kd1 Ng4 20. Qxa7 Rb1 21. d8Q+ Kxd8 22. Qa8+ Ke7 23. Qa7+ Kf6 24. e5+ Kg6 0-1

[Event "FRA-chTB 9697"]
[Site "France"]
[Date "1997.??.??"]
[Round "7"]
[White "Veysseyre, Didier"]
[Black "Roumegous, Etienne"]
[Result "1-0"]
[WhiteElo "2180"]
[BlackElo "2130"]
[PlyCount "79"]
[EventDate "1997.??.??"]
[EventType "team"]
[EventRounds "7"]
[EventCountry "FRA"]
[SourceTitle "EXT 1999"]
[Source "ChessBase"]
[SourceDate "1998.11.16"]
[SourceVersion "1"]
[SourceVersionDate "1998.11.16"]
[SourceQuality "1"]

1. d4 d5 2. c4 c6 3. Nc3 Nf6 4. Nf3 e6 5. Bg5 h6 6. Bh4 dxc4 7. a4 Bb4 8. Qc2 g5 9. Bg3 g4 10. Nd2 Qxd4 11. e3 Qc5 12. Nxc4 Qe7 13. Rd1 Nbd7 14. h3 gxh3 15. Rxh3 Nd5 16. e4 N5b6 17. Nd6+ Kf8 18. Be2 e5 19. Bh4 Qe6 20. Nf5 Nf6 21. Rd8+ Ne8 22. Bg5 h5 23. Bxh5 Bd7 24. Rxa8 Nxa8 25. Bxf7 Rxh3 26. Bxe6 Rh1+ 27. Ke2 Bxe6 28. Qd2 Nb6 29. Qd8 Rh7 30. Bh6+ Kf7 31. Bg5 Kf8 32. Bh6+ Kf7 33. Qg5 Nf6 34. Nh4 Bc4+ 35. Kf3 Nbd7 36. Qg6+ Ke6 37. g4 Rf7 38. Nf5 Bf8 39. g5 Bxh6 40. Qxh6 1-0

[Event "Paris op"]
[Site "Paris"]
[Date "1995.??.??"]
[Round "?"]
[White "Roumegous, Etienne"]
[Black "Uhoda, Philippe"]
[Result "1-0"]
[WhiteElo "2160"]
[BlackElo "2035"]
[PlyCount "51"]
[EventDate "1995.04.??"]
[EventType "swiss"]
[EventRounds "9"]
[EventCountry "FRA"]
[SourceTitle "EXT 1997"]
[Source "ChessBase"]
[SourceDate "1996.11.15"]
[SourceVersion "1"]
[SourceVersionDate "1996.11.15"]
[SourceQuality "1"]

1. d4 Nf6 2. c4 g6 3. f3 Bg7 4. e4 d6 5. Be3 0-0 6. Nc3 Nc6 7. Nge2 a6 8. Qd2 Nd7 9. g4 e5 10. d5 Na5 11. Ng3 b5 12. Rc1 Nxc4 13. Bxc4 bxc4 14. Na4 Nb6 15. Nxb6 cxb6 16. Rxc4 Bd7 17. h4 b5 18. Rc2 Qe7 19. h5 Rfc8 20. hxg6 hxg6 21. Qh2 Rxc2 22. Qh7+ Kf8 23. Bh6 Qf6 24. g5 Ke8 25. gxf6 Bxf6 26. Bg7 1-0

[Event "FRA-ch op FIDE"]
[Site "Paris"]
[Date "1994.??.??"]
[Round "8"]
[White "Roumegous, Etienne"]
[Black "Lafarge, Jean Marc"]
[Result "1/2-1/2"]
[WhiteElo "2140"]
[BlackElo "2000"]
[PlyCount "29"]
[EventDate "1994.??.??"]
[EventType "swiss"]
[EventRounds "9"]
[EventCountry "FRA"]
[SourceTitle "EXT 1998"]
[Source "ChessBase"]
[SourceDate "1997.11.17"]
[SourceVersion "1"]
[SourceVersionDate "1997.11.17"]
[SourceQuality "1"]

1. d4 e6 2. c4 f5 3. Nc3 Nf6 4. Bg5 Be7 5. e3 0-0 6. Nf3 d5 7. cxd5 exd5 8. Bd3 c6 9. 0-0 Ne4 10. Bxe7 Qxe7 11. Qc2 Be6 12. Ne5 Nd7 13. f4 Rf6 14. b4 Rh6 15. Bxe4 1/2-1/2

[Event "Paris-ch op"]
[Site "Paris"]
[Date "1992.??.??"]
[Round "1"]
[White "Roumegous, Etienne"]
[Black "Blees, Albert"]
[Result "0-1"]
[WhiteElo "2255"]
[BlackElo "2410"]
[PlyCount "52"]
[EventDate "1992.04.??"]
[EventType "swiss"]
[EventRounds "9"]
[EventCountry "FRA"]
[SourceTitle "EXT 1997"]
[Source "ChessBase"]
[SourceDate "1996.11.15"]
[SourceVersion "1"]
[SourceVersionDate "1996.11.15"]
[SourceQuality "1"]

1. d4 Nf6 2. c4 g6 3. Nc3 Bg7 4. e4 d6 5. f3 0-0 6. Be3 c5 7. d5 e6 8. Qd2 exd5 9. exd5 Re8 10. 0-0-0 a6 11. g4 Qa5 12. Bh6 Bh8 13. h4 b5 14. Kb1 Nbd7 15. h5 Ne5 16. Qh2 bxc4 17. Bd2 Rb8 18. hxg6 fxg6 19. Ne4 Rxb2+ 20. Kc1 Rc2+ 21. Kxc2 Qxa2+ 22. Kc1 Qa3+ 23. Kc2 Bf5 24. gxf5 Qa2+ 25. Kc1 Nd3+ 26. Bxd3 Qa3+ 0-1